ville Fortnite par image (chapitre 1/2) - Statistiques

Statistiques générales
  • Ce quiz a été pris 1 872 fois
  • Le résultat moyen est 6 sur 16
Statistiques - réponses
Par images Réponse % Correct
salty springs
84%
fatal fields
71%
retail row
61%
La grotte
49%
le requin
43%
anarchy acres
41%
moisty mire
33%
slurpy swamp
29%
happy hamlet
28%
tilted town
27%
lazy lagoon
23%
misty meadows
17%
walling woods
17%
sweaty sands
16%
craggy cliffs
14%
dirty docks
13%
Aucun quiz correspondant
Distribution des résultats
% des personnes avec chaque résultat
Percentile par nombre de réponses
Votre historique - résultats
Vous n’avez pas pris ce quiz